| 000 | 01944cam a22004694i 4500 | ||
|---|---|---|---|
| 003 | PE-LiUPU | ||
| 005 | 20250731172916.0 | ||
| 008 | 150617s1961 xxu rb 000 0 eng d | ||
| 035 | _a(Sirsi) a18909 | ||
| 040 |
_aPE-LiUPU _bspa _cPE-LiUPU _erda |
||
| 049 | _aPRUA | ||
| 082 | 0 | 4 |
_a261.8 _bF44 _221 |
| 100 | 1 |
_aFife, Eric S., _eautor. |
|
| 245 | 1 | 0 |
_aMissions in Crisis : _bRethinking Missionary Strategy / _cEric S. Fife [and] Arthur F. Glasser. |
| 264 | 1 |
_aUnited States of America : _bInter - Varsity Press, _c[1961] |
|
| 300 |
_a262 páginas ; _c21 centímetros |
||
| 336 |
_atext _2rdacontent |
||
| 337 |
_aunmediated _2rdamedia |
||
| 338 |
_avolume _2rdacarrier |
||
| 504 | _aIncluye bibliografía. | ||
| 505 | 0 | _aRevolution: man's striving for justice -- Nationalims: the hunger for relevance -- Communism and missions -- Missions learn from the communist triumph in China -- The church Witnesses in communist China -- Ecumenical Christianity and missions -- Meeting racism head-on -- Rethinking the nonprofessional's role -- Facing the cities -- Reaching the strategic: studendts -- Communicating the message -- Looking forward. | |
| 526 | _aSEG42 | ||
| 526 | _aSEG41 | ||
| 526 | _aSEG40 | ||
| 526 | _aSEG39 | ||
| 526 | _aP94 | ||
| 526 | _aP87 | ||
| 526 | _aP86 | ||
| 526 | _aP85 | ||
| 526 | _aP77 | ||
| 526 | _aP76 | ||
| 526 | _aP35 | ||
| 650 | 0 | 4 |
_aMisiones _xTeoría. |
| 700 | 1 |
_aArthur F. Glasser, _eautor. |
|
| 910 |
_ajck _bjvq _cjck _d20150616 |
||
| 942 |
_2ddc _cBOOK |
||
| 949 |
_a261.8 F44 _wDEWEY _c1 _i10839 _lCCODEBUL1 _mBUL _p00.00 _r0 _sY _tBOOK _u19930421 _xTEOLOGIA _PP35 _0COMPRA _o.STAFF. Colección General |
||
| 994 |
_aC0 _bPEPRU |
||
| 596 | _a1 | ||
| 999 |
_a261.8 F44 _wDEWEY _c18653 _i10839 _d18653 _e2016-1-11 _f2021-11-12 _g5 _lCCODEBUL1 _mBUL _n1 _p10.00 _r0 _sY _tBOOK _u2015-6-17 _xTEOLOGIA _PP35 _0COMPRA _o.STAFF. Colección Teología |
||
| 980 |
_81 _gALBERTO SANCHEZ Responsable de Automatización |
||